Hướng dẫn sử dụng CD ROM : Hồ Chí Minh toàn tập

সংরক্ষণ করুন:
গ্রন্থ-পঞ্জীর বিবরন
বিন্যাস: গ্রন্থ
ভাষা:Undetermined
প্রকাশিত: Hà Nội Chính Trị Quốc Gia 2002
বিষয়গুলি:
ট্যাগগুলো: ট্যাগ যুক্ত করুন
কোনো ট্যাগ নেই, প্রথমজন হিসাবে ট্যাগ করুন!
Thư viện lưu trữ: Trung tâm Học liệu Trường Đại học Cần Thơ
LEADER 00651nam a2200205Ia 4500
001 CTU_88759
008 210402s9999 xx 000 0 und d
020 |c 40000 
082 |a 895.922008 
082 |b H561 
245 0 |a Hướng dẫn sử dụng CD ROM : 
245 0 |b Hồ Chí Minh toàn tập 
260 |a Hà Nội 
260 |b Chính Trị Quốc Gia 
260 |c 2002 
650 |a Ho Chi Minh 
650 |x Biography 
904 |i M.Loan,Hải 
910 |a Sách kèm đĩa có số AV.002680, AV.002672, AV.002660, AV.002676, AV.002668, AV.002664 
980 |a Trung tâm Học liệu Trường Đại học Cần Thơ